| 000 | 01138cam a22002651i 4500 | ||
|---|---|---|---|
| 003 | SA-RiAUC | ||
| 005 | 20250715091536.0 | ||
| 008 | 250715s1997 su f 000 0 ara c | ||
| 040 |
_aSA-RiKSU _bara _cSA-RiAUC _erda |
||
| 043 | _aa-su--- | ||
| 082 | 0 | 4 |
_a215.1 _qSA-RiAUC |
| 090 |
_a215.1 _bا ب ن د |
||
| 100 | 1 |
_aابن دهيش، عبد الملك بن عبد الله، _d1360 هجري- |
|
| 245 | 1 | 0 |
_aالحرم المكي الشريف والأعلام المحيطة به : _bدراسة تاريخية وميدانية / _cتأليف د. عبد الملك بن عبد الله بن دهيش. |
| 264 | 1 |
_aمكة المكرمة : _b[الناشر غير محدد]، _c1997. |
|
| 300 | _a533 صفحة | ||
| 336 |
_aنص _btxt _2rdacontent _3كتاب |
||
| 337 |
_aبدون وسيط _bn _2rdamedia |
||
| 338 |
_aمجلد _bnc _2rdacarrier |
||
| 610 | 2 | 7 |
_aالمسجد الحرام _xتاريخ _2aucnm |
| 650 | 7 |
_aالأماكن المقدسة الإسلامية _zالسعودية _xتاريخ _2aucsh |
|
| 651 | 7 |
_aمكة المكرمة _xتاريخ _2aucsh |
|
| 942 |
_2ddc _cBOOK _n0 |
||
| 949 |
_aSA-JeALM _d250715 _umohamedma123 _n1 |
||
| 999 |
_c9952 _d9952 |
||